Хайруллин Равиль Сагитович. Задача Трикоми для уравнения второго рода с сильным вырождением (Запись № 3963)

Подробности
000 -МАРКЕР
контрольное поле 01118nam a2200217 c 4500
001 - КОНТРОЛЬНЫЙ НОМЕР ЗАПИСИ
контрольное поле 000003963
003 - ПРИНАДЛЕЖНОСТЬ КОНТРОЛЬНОГО НОМЕРА
контрольное поле RuMoIPM
005 - ДАТА И ВРЕМЯ ПОСЛЕДНЕЙ ТРАНЗАКЦИИ
контрольное поле 20220507230332.0
008 - ЭЛЕМЕНТЫ ДАННЫХ ФИКСИРОВАННОЙ ДЛИНЫ
контрольное поле 160419s2015 ru a||p|||||||||||||rus d
020 ## - МЕЖДУНАРОДНЫЙ СТАНДАРТНЫЙ НОМЕР КНИГИ (ISBN)
международный стандартный номер книги 978-5-00019-489-8
035 ## - КОНТРОЛЬНЫЙ НОМЕР СИСТЕМЫ
контрольный номер системы (RuMoIPM Bibliobus) 004178
040 ## - ОРГАНИЗАЦИЯ-СОЗДАТЕЛЬ ЗАПИСИ
организация-создатель исходной библиографической записи RuMoIPM
язык каталогизации rus
правила каталогизации rcr
080 ## - ИНДЕКС УНИВЕРСАЛЬНОЙ ДЕСЯТИЧНОЙ КЛАССИФИКАЦИИ
индекс Универсальной десятичной классификации 517.956.6
245 00 - ОБЛАСТЬ ЗАГЛАВИЯ И СВЕДЕНИЙ ОБ ОТВЕТСТВЕННОСТИ
заглавие Хайруллин Равиль Сагитович. Задача Трикоми для уравнения второго рода с сильным вырождением
сведения об ответственности и т. д Хайруллин Р.С.
260 ## - ОБЛАСТЬ ВЫХОДНЫХ ДАННЫХ
место публикации, распространения, изготовления и т. д Казань
издательство, издатель, распространитель и т. д Изд-во Казан. ун-та
дата издания, распространения и т. д 2015
300 ## - ОБЛАСТЬ КОЛИЧЕСТВЕННОЙ ХАРАКТЕРИСТИКИ
объём 233 с.
504 ## - ПРИМЕЧАНИЕ О НАЛИЧИИ БИБЛИОГРАФИЧЕСКИХ ПЕРЕЧНЕЙ И ССЫЛОК
текст примечания Библиогр.: с. 226-233
700 0# - ИМЯ ЛИЦА КАК ДОБАВОЧНЫЙ ПОИСКОВЫЙ ПРИЗНАК
имя лица Хайруллин, Равиль Сагитович
887 ## - Данные не-MARC
Содержание Хайруллин Равиль Сагитович. Задача Трикоми для уравнения второго рода с сильным вырождением / Хайруллин Р.С. — Казань : Изд-во Казан. ун-та, 2015. — 233 с. — Библиогр.: с. 226-233. — ISBN 978-5-00019-489-8.
Источник данных Bibliobus
942 ## - ДАННЫЕ О ЗАПИСИ (KOHA)
Тип экземпляра (KOHA) Книга
Экземпляры
Статус выдачи Библиотека держатель Текущая библиотека Дата поступления Шифр хранения Тип экземпляра
  Институт прикладной математики им. М.В. Келдыша Институт прикладной математики им. М.В. Келдыша 27.06.2016 517.9/Х-15 Книга